00871nam a2200265 u 450000100070000000500170000700800410002403500110006504000130007604100080008908000060009710000480010324500890015126000210024030000130026165000370027465000210031165000360033265000420036865000560041065000570046677300560052394200090057999900170058815993720240201125744.0971217s1938 ||||||m| spa  a159937 ccomduadb aspa aT10aSalgado Gutierrez, Carlos4auteaut951166713aLa tricomoniasis vaginal y su tratamiento por los derivados del acido fenil arsenico aBogotá,c1938. a48 hojas aEnfermedades de la vagina956081 aLeucorrea953867 aVaginitis por Tricomonas938757 7aEnfermedades parasitarias2dcs925006 aCasos, historias clinicas, estadisticas, etc925387 aHistoria de la medicina - Colombia - Siglo XX9507290 tCritica del tratamiento Ascolig48h.w159912079980 cBOOK c72178d72178